000 00575nam a2200169Ia 4500
003 IN-BaIIA
008 211028s9999 xx 000 0 eng d
040 _cIIA Library
080 _a520.8(082.2)
_bOPT-2
245 0 _aOptical and infrared telescopes for the 1990s
_cedited by A. Hewitt
260 _aArizona
_bKitt Peak National Observatory
_c1980
300 _aix, 616-1194p.
650 _aAstronomical Instrumentation
_93629
650 _aAstronomy and Astrophysics Thesaurus
700 _aHewitt, A., ed.
_911163
942 _cBK
999 _c6520
_d6520